[Event "Bangalore op 1st"]
[Site "Bangalore"]
[Date "2024.01.18"]
[Round "1"]
[White "Shyam, Sundar M"]
[Black "Sobh, Amrou"]
[Result "1/2-1/2"]
[WhiteElo "2497"]
[BlackElo "2117"]
[PlyCount "167"]
[EventDate "2024.01.18"]
[EventType "swiss"]
[EventRounds "10"]
[EventCountry "IND"]
[SourceTitle "CB05_2024"]
[SourceDate "2024.01.31"]
[SourceVersion "1"]
[SourceVersionDate "2024.01.31"]
[SourceQuality "1"]

1. d4 d5 2. Bf4 Nf6 3. e3 e6 4. Nf3 c5 5. c3 Nc6 6. Nbd2 Bd6 7. Bg3 Bxg3 8. hxg3 Qd6 9. Bb5 Bd7 10. Bxc6 Bxc6 11. Ne5 cxd4 12. exd4 Qc7 13. g4 Nd7 14. Nxd7 Kxd7 15. Qf3 Raf8 16. 0-0-0 Qd8 17. Qe3 h6 18. Nf3 Kc8 19. Rh5 Rhg8 20. Rdh1 Qd6 21. Qe5 Kd7 22. Re1 f6 23. Qe3 Re8 24. Nh4 Kc7 25. Ng6 Bd7 26. Rhh1 Rc8 27. g3 Rge8 28. Kb1 Kb8 29. f4 Rcd8 30. Ka1 Rc8 31. g5 hxg5 32. fxg5 Bb5 33. Qf4 Qxf4 34. Nxf4 e5 35. dxe5 fxe5 36. Nxd5 Bc6 37. c4 Bxd5 38. cxd5 Rcd8 39. Rd1 Kc7 40. Rhf1 Re7 41. Kb1 Kd6 42. g6 Rc8 43. Rf3 e4 44. Rf7 Rxf7 45. gxf7 Rf8 46. Rf1 Kxd5 47. Kc2 Ke6 48. Rf4 Rxf7 49. Rxe4+ Kd5 50. Rg4 b6 51. Kc3 a5 52. a4 Rf3+ 53. Kc2 Rf2+ 54. Kb3 Rf3+ 55. Ka2 Rf7 56. Rg6 Kc5 57. Ka3 Re7 58. b3 Rf7 59. g4 Rd7 60. Kb2 Rf7 61. Ka3 Rd7 62. Rg5+ Kc6 63. Kb2 Rf7 64. Kc3 Rf3+ 65. Kc4 Rf4+ 66. Kd3 Rf3+ 67. Kc2 Rf2+ 68. Kc1 Rf3 69. Kb2 Rf2+ 70. Ka3 Rf7 71. Rg6+ Kc5 72. g5 Rd7 73. Kb2 Rf7 74. Kc3 Rf3+ 75. Kc2 Rf2+ 76. Kd3 Rf3+ 77. Kc2 Rf2+ 78. Kc3 Rf3+ 79. Kb2 Rf2+ 80. Ka3 Rf7 81. Re6 Rf5 82. Rg6 Rf7 83. Re6 Rf5 84. Rg6 1/2-1/2

[Event "Indore op 2nd"]
[Site "Indore"]
[Date "2024.01.13"]
[Round "7"]
[White "Sobh, Amrou"]
[Black "Dzhumaev, Marat"]
[Result "0-1"]
[WhiteElo "2117"]
[BlackElo "2362"]
[PlyCount "94"]
[EventDate "2024.01.09"]
[EventType "swiss"]
[EventRounds "10"]
[EventCountry "IND"]
[SourceTitle "CB03_2024"]
[SourceDate "2024.01.17"]
[SourceVersion "1"]
[SourceVersionDate "2024.01.17"]
[SourceQuality "1"]

1. d4 e6 2. e4 c5 3. d5 d6 4. c4 g6 5. f4 Bg7 6. Nf3 a6 7. a4 exd5 8. cxd5 Nf6 9. Bd3 0-0 10. 0-0 c4 11. Bc2 Re8 12. Nc3 Nbd7 13. Be3 Qc7 14. Bd4 Nc5 15. e5 Ng4 16. exd6 Qxd6 17. Bxg7 Kxg7 18. Qd4+ Kg8 19. h3 Ne3 20. Rae1 Bf5 21. Rxe3 Bxc2 22. Rfe1 Rxe3 23. Rxe3 Nxa4 24. Nxa4 Bxa4 25. Ne5 Qf6 26. Qxc4 Bb5 27. Qc7 Rd8 28. Nxf7 Rd7 29. Nh6+ Kg7 30. Nf5+ Qxf5 31. Re7+ Kf8 32. Rxd7 Qxd7 33. Qe5 Kf7 34. Kh2 h5 35. Kg3 Qe7 36. Qc3 h4+ 37. Kh2 Qd6 38. Qf3 Bd7 39. Kh1 Qc5 40. Kh2 Qd4 41. b3 b5 42. Kh1 a5 43. Kh2 a4 44. bxa4 bxa4 45. Kh1 Bf5 46. Kh2 Qd2 47. Qf1 Be4 0-1

[Event "Gujarat op 2nd"]
[Site "Ahmedabad"]
[Date "2019.09.28"]
[Round "9"]
[White "Sobh, Amrou"]
[Black "Ramakrishna, Perumalla"]
[Result "0-1"]
[WhiteElo "2172"]
[BlackElo "1971"]
[PlyCount "92"]
[EventDate "2019.09.22"]
[EventType "swiss"]
[EventRounds "10"]
[EventCountry "IND"]
[SourceTitle "EXT 2020"]
[Source "ChessBase"]
[SourceDate "2019.10.17"]
[SourceVersion "1"]
[SourceVersionDate "2019.10.17"]
[SourceQuality "1"]

1. d4 f5 2. Nf3 Nf6 3. Bg5 e6 4. Nbd2 d5 5. e3 Be7 6. Bxf6 Bxf6 7. Bd3 0-0 8. c3 Nc6 9. Qc2 g6 10. 0-0-0 Qe7 11. h4 h5 12. Kb1 Rb8 13. Nb3 b5 14. Qe2 a6 15. Rc1 e5 16. dxe5 Nxe5 17. Nbd4 Bd7 18. Nxe5 Bxe5 19. f4 Bg7 20. Qd2 c5 21. Nc2 Qf6 22. Ne1 c4 23. Be2 b4 24. Ka1 Rfe8 25. Nf3 bxc3 26. bxc3 Qe6 27. Ne5 Bxe5 28. fxe5 Qxe5 29. Bf3 Bc6 30. Rhe1 Rb5 31. Qd4 Qe7 32. Rb1 Rxb1+ 33. Rxb1 Qxe3 34. Bxd5+ Bxd5 35. Qxd5+ Qe6 36. Qd4 a5 37. Qa7 Qe5 38. Qd4 Qxd4 39. cxd4 Re2 40. Rc1 Rxg2 41. Rxc4 f4 42. Rc3 Rd2 43. Rc6 Kf7 44. Rc7+ Kf6 45. Rd7 f3 46. Rd8 Ke7 0-1

[Event "Gujarat op 2nd"]
[Site "Ahmedabad"]
[Date "2019.09.27"]
[Round "8"]
[White "Rahman, Ziaur"]
[Black "Sobh, Amrou"]
[Result "1-0"]
[WhiteElo "2492"]
[BlackElo "2172"]
[PlyCount "111"]
[EventDate "2019.09.22"]
[EventType "swiss"]
[EventRounds "10"]
[EventCountry "IND"]
[SourceTitle "EXT 2020"]
[Source "ChessBase"]
[SourceDate "2019.10.17"]
[SourceVersion "1"]
[SourceVersionDate "2019.10.17"]
[SourceQuality "1"]

1. d4 Nf6 2. Bg5 g6 3. Bxf6 exf6 4. e3 Bg7 5. c4 0-0 6. Nc3 d6 7. Be2 c5 8. Nf3 Nc6 9. h3 f5 10. 0-0 Qb6 11. Rb1 Re8 12. Nd5 Qd8 13. b4 b6 14. bxc5 dxc5 15. dxc5 bxc5 16. Qa4 Bd7 17. Qa3 Bf8 18. Rfd1 Nb4 19. Qb2 Nxd5 20. cxd5 Bd6 21. Bc4 Rb8 22. Qc3 Rb6 23. g3 Qb8 24. Rxb6 axb6 25. Rb1 Bxg3 26. Qb3 Qd6 27. Kg2 Be5 28. Qxb6 Rb8 29. Qxb8+ Qxb8 30. Rxb8+ Bxb8 31. Nd2 Kf8 32. Nb3 Ba7 33. h4 Bb6 34. Ba6 h5 35. Nd2 Bd8 36. Kg3 Bc7+ 37. Kg2 Ke7 38. Nc4 Ba4 39. f3 f6 40. Kf2 f4 41. e4 Bb8 42. Nb6 Bd7 43. a4 Ba7 44. a5 Kd8 45. Kg2 Be8 46. Nc4 Kc7 47. Nb2 Kd6 48. Nd3 g5 49. hxg5 fxg5 50. Bc4 Bg6 51. a6 Kc7 52. Bb5 Kb6 53. d6 Bb8 54. d7 Kc7 55. Nxc5 Bf7 56. Nb7 1-0

[Event "Udaipur Lakecity op 1st"]
[Site "Udaipur"]
[Date "2019.09.17"]
[Round "7"]
[White "Sobh, Amrou"]
[Black "Neelotpal, Das"]
[Result "0-1"]
[WhiteElo "2172"]
[BlackElo "2433"]
[PlyCount "90"]
[EventDate "2019.09.13"]
[EventType "swiss"]
[EventRounds "10"]
[EventCountry "IND"]
[SourceTitle "EXT 2020"]
[Source "ChessBase"]
[SourceDate "2019.10.17"]
[SourceVersion "1"]
[SourceVersionDate "2019.10.17"]
[SourceQuality "1"]

1. d4 Nf6 2. c4 e6 3. e3 d5 4. Nf3 b6 5. Nc3 Bb7 6. cxd5 exd5 7. Bb5+ c6 8. Bd3 Bd6 9. 0-0 Nbd7 10. e4 dxe4 11. Nxe4 Nxe4 12. Bxe4 Nf6 13. Bc2 0-0 14. Bg5 Be7 15. Qd3 g6 16. Rfe1 Nd5 17. Rxe7 Nxe7 18. Bb3 Qd6 19. Ne5 Nd5 20. Bh6 Rfe8 21. Qf3 f6 22. Ng4 Re6 23. Bxd5 cxd5 24. h4 Rae8 25. Bf4 Qd8 26. Bg3 h5 27. Ne3 Re4 28. Rc1 Kg7 29. Bf4 Bc8 30. Qg3 Be6 31. Bd6 g5 32. hxg5 fxg5 33. Rc7+ Kg6 34. Be5 h4 35. Qh2 Bf7 36. Rxa7 Re7 37. Ra3 R7xe5 38. dxe5 d4 39. Nf1 d3 40. Qh3 d2 41. Qf3 d1Q 42. Qxe4+ Kh6 43. Rc3 Bd5 44. Qe3 Bb7 45. Rb3 Qxf1+ 0-1

[Event "Udaipur Lakecity rapid op 1st"]
[Site "Udaipur"]
[Date "2019.09.15"]
[Round "9"]
[White "Anadkat, Kartavya"]
[Black "Sobh, Amrou"]
[Result "1-0"]
[WhiteElo "2088"]
[BlackElo "2172"]
[PlyCount "117"]
[EventDate "2019.09.14"]
[EventType "swiss (rapid)"]
[EventRounds "9"]
[EventCountry "IND"]
[SourceTitle "EXT 2020"]
[Source "ChessBase"]
[SourceDate "2019.10.17"]
[SourceVersion "1"]
[SourceVersionDate "2019.10.17"]
[SourceQuality "1"]

1. e4 d5 2. exd5 Nf6 3. d4 Bg4 4. Bb5+ Nbd7 5. f3 Bh5 6. c4 a6 7. Bxd7+ Qxd7 8. Nc3 e6 9. dxe6 fxe6 10. Nge2 0-0-0 11. Be3 h6 12. Ng3 Bf7 13. 0-0 g5 14. d5 exd5 15. Qd4 Qc6 16. cxd5 Bxd5 17. Nxd5 Rxd5 18. Qa7 b6 19. Qxa6+ Qb7 20. Qxb7+ Kxb7 21. Rfd1 Bc5 22. Bxc5 Rxc5 23. Rac1 Rb5 24. Rd2 Ra8 25. a3 Re8 26. Kf2 h5 27. Ne2 Rf5 28. Nc3 g4 29. Rd3 gxf3 30. Rxf3 Ng4+ 31. Kg1 Rfe5 32. h3 Ne3 33. Re1 Nc4 34. Rxe5 Rxe5 35. Rf2 Kc6 36. Kh2 b5 37. g4 h4 38. Rg2 Ne3 39. Re2 Kc5 40. Kg1 Kd4 41. Kf2 c6 42. Kf3 Kd3 43. Nd1 Nxg4 44. Nf2+ Nxf2 45. Rxe5 Nxh3 46. Rc5 Ng1+ 47. Kg2 Ne2 48. Rxc6 Nd4 49. Rc3+ Kd2 50. Kh3 Nf5 51. Rc5 Nd4 52. Kxh4 Kd3 53. Kh5 Ke4 54. Kg6 Kd3 55. Kf6 Ke4 56. Ke7 Kd3 57. Kd7 Ke4 58. Kc7 Kd3 59. Kb6 1-0

[Event "Udaipur Lakecity rapid op 1st"]
[Site "Udaipur"]
[Date "2019.09.15"]
[Round "7"]
[White "Samal, Ansuman"]
[Black "Sobh, Amrou"]
[Result "1/2-1/2"]
[WhiteElo "1847"]
[BlackElo "2172"]
[PlyCount "167"]
[EventDate "2019.09.14"]
[EventType "swiss (rapid)"]
[EventRounds "9"]
[EventCountry "IND"]
[SourceTitle "EXT 2020"]
[Source "ChessBase"]
[SourceDate "2019.10.17"]
[SourceVersion "1"]
[SourceVersionDate "2019.10.17"]
[SourceQuality "1"]

1. e4 c5 2. Nc3 a6 3. a4 Nc6 4. d3 e6 5. g3 d5 6. Bg2 dxe4 7. Nxe4 Be7 8. Be3 Nf6 9. Ne2 Nd5 10. Bd2 0-0 11. 0-0 b6 12. N2c3 Bb7 13. Nxd5 exd5 14. Nc3 d4 15. Nd5 Ne5 16. Nxe7+ Qxe7 17. Bxb7 Qxb7 18. f4 Nc6 19. Qf3 Qd7 20. Rae1 Rae8 21. Rxe8 Rxe8 22. Re1 Rxe1+ 23. Bxe1 f5 24. h3 h6 25. b3 Qe6 26. Kf2 a5 27. Bd2 Kf7 28. Qh5+ Qg6 29. Qf3 Qe6 30. Qh5+ Kf8 31. Qe2 Qxe2+ 32. Kxe2 Kf7 33. Kf3 h5 34. g4 hxg4+ 35. hxg4 g6 36. Be1 Ke6 37. Bd2 Ne7 38. c4 dxc3 39. Bxc3 Nc6 40. gxf5+ gxf5 41. Ke2 Kd5 42. Ke3 Nd8 43. Bf6 Ne6 44. Be5 Kc6 45. Bc3 Nc7 46. Bd2 Nd5+ 47. Kf3 Ne7 48. Bc3 Kd7 49. Bd2 Nc6 50. Bc3 Kd6 51. Ke2 Kd5 52. Ke3 Nd8 53. Bf6 Nb7 54. Kd2 Kc6 55. Be5 Nd8 56. Bc3 Nb7 57. Be5 b5 58. axb5+ Kxb5 59. Kc3 Nd8 60. d4 cxd4+ 61. Kxd4 Kb4 62. Kd5 Kxb3 63. Bc7 Nf7 64. Bxa5 Kc2 65. Ke6 Nh6 66. Bb4 Kd3 67. Bf8 Ng4 68. Kxf5 Ne3+ 69. Ke5 Ng4+ 70. Kf5 Ne3+ 71. Ke5 Ng4+ 72. Ke6 Ke4 73. f5 Kf4 74. Be7 Ke4 75. Bg5 Kd4 76. Bf6+ Ke4 77. Bg5 Kd4 78. Kf7 Ke4 79. Ke6 Kd4 80. Bc1 Ke4 81. Bb2 Kf4 82. Bc3 Ke4 83. Be1 Kf4 84. Bh4 1/2-1/2

[Event "Africa zt 4.2"]
[Site "Dar es Salaam"]
[Date "2016.04.23"]
[Round "1"]
[White "Sobh, Amrou"]
[Black "Mdoe, Yusuf"]
[Result "1-0"]
[WhiteElo "2210"]
[BlackElo "1740"]
[PlyCount "77"]
[EventDate "2016.04.23"]
[EventType "swiss"]
[EventRounds "9"]
[EventCountry "TAN"]
[SourceTitle "EXT 2017"]
[Source "ChessBase"]
[SourceDate "2016.10.25"]
[SourceVersion "1"]
[SourceVersionDate "2016.10.25"]
[SourceQuality "1"]

1. d4 e6 2. c4 d5 3. Nc3 c6 4. e3 f5 5. Bd3 Nf6 6. Nh3 Bd6 7. f3 0-0 8. Qe2 Qe8 9. e4 fxe4 10. fxe4 e5 11. dxe5 Bxe5 12. exd5 Bg4 13. Qe3 Nbd7 14. 0-0 Bxc3 15. bxc3 Qxe3+ 16. Bxe3 Bxh3 17. gxh3 cxd5 18. cxd5 Ne5 19. Bf5 b6 20. Bd4 Nfd7 21. Rae1 Rf6 22. Bxe5 Nxe5 23. Rxe5 g6 24. Bd7 Raf8 25. Rxf6 Rxf6 26. Re7 Rf3 27. Be6+ Kf8 28. Rxa7 Rxc3 29. Rf7+ Ke8 30. Rxh7 Rd3 31. Rb7 Kf8 32. Rxb6 Rd1+ 33. Kf2 Rd2+ 34. Ke3 Rxa2 35. d6 Ra8 36. Kf4 Kg7 37. Ke5 Ra5+ 38. Bd5 Ra3 39. d7 1-0

[Event "Cairo Masters op"]
[Site "Cairo"]
[Date "2014.02.23"]
[Round "5"]
[White "Sobh, Amrou"]
[Black "Abdelmenaem, Sohayla"]
[Result "1-0"]
[WhiteElo "2160"]
[BlackElo "1746"]
[PlyCount "105"]
[EventDate "2014.02.20"]
[EventType "swiss"]
[EventRounds "9"]
[EventCountry "EGY"]
[SourceTitle "EXT 2015"]
[Source "ChessBase"]
[SourceDate "2014.11.20"]
[SourceVersion "1"]
[SourceVersionDate "2014.11.20"]
[SourceQuality "1"]

1. e4 c5 2. Nf3 d6 3. d4 cxd4 4. Nxd4 Nf6 5. Nc3 Nc6 6. Bg5 e6 7. f3 a6 8. Qd2 Bd7 9. Nb3 h6 10. Be3 b5 11. Bd3 Be7 12. g4 Ne5 13. 0-0 Rc8 14. Qf2 Qc7 15. a4 b4 16. Na2 Nxd3 17. cxd3 Bxa4 18. Nd4 Qb7 19. Nxb4 e5 20. Rxa4 exd4 21. Bxd4 Qb5 22. Rfa1 a5 23. Bxf6 Bxf6 24. Nd5 Bd8 25. Qd4 0-0 26. Rc4 Bh4 27. Rac1 Rxc4 28. dxc4 Qc6 29. Kg2 Rb8 30. Rc2 Qa4 31. Rd2 Be1 32. Re2 Bh4 33. Kh3 Bd8 34. Kg3 Rc8 35. Ne3 Qb3 36. Nf5 Bf6 37. Qxd6 Qxc4 38. Rf2 Qb5 39. Nxh6+ Kh7 40. Nxf7 Qc4 41. e5 Qxf7 42. exf6 Qxf6 43. Qxf6 gxf6 44. Rd2 Kg6 45. Rd5 Rb8 46. Rxa5 Rxb2 47. h4 Rb6 48. Rd5 Rc6 49. Rd4 Rb6 50. Kf4 Rc6 51. h5+ Kh6 52. Kf5 Rb6 53. Re4 1-0

[Event "Cairo Masters op"]
[Site "Cairo"]
[Date "2014.02.22"]
[Round "4"]
[White "Nader, Mohamed"]
[Black "Sobh, Amrou"]
[Result "1-0"]
[WhiteElo "2104"]
[BlackElo "2160"]
[PlyCount "65"]
[EventDate "2014.02.20"]
[EventType "swiss"]
[EventRounds "9"]
[EventCountry "EGY"]
[SourceTitle "EXT 2015"]
[Source "ChessBase"]
[SourceDate "2014.11.20"]
[SourceVersion "1"]
[SourceVersionDate "2014.11.20"]
[SourceQuality "1"]

1. d4 d6 2. Nf3 Nf6 3. e3 g6 4. c4 Bg7 5. Nc3 0-0 6. Be2 Nbd7 7. 0-0 e5 8. b4 exd4 9. exd4 Nb6 10. a4 Bg4 11. Qb3 d5 12. c5 Nc8 13. h3 Bxf3 14. Bxf3 c6 15. b5 Ne7 16. a5 Nf5 17. Ra4 a6 18. bxc6 bxc6 19. Bf4 Nd7 20. Rd1 h5 21. Nxd5 cxd5 22. Bxd5 Ra7 23. c6 Nf6 24. Bf3 Nh4 25. d5 Nxf3+ 26. Qxf3 Qa8 27. d6 Qc8 28. Rb4 Qf5 29. Be3 Qxa5 30. Rf4 Raa8 31. Rxf6 Qb5 32. d7 a5 33. c7 1-0

[Event "Cairo Masters op"]
[Site "Cairo"]
[Date "2014.02.20"]
[Round "1"]
[White "Sobh, Amrou"]
[Black "Hesham, Abdelrahman"]
[Result "0-1"]
[WhiteElo "2160"]
[BlackElo "2374"]
[PlyCount "58"]
[EventDate "2014.02.20"]
[EventType "swiss"]
[EventRounds "9"]
[EventCountry "EGY"]
[SourceTitle "EXT 2015"]
[Source "ChessBase"]
[SourceDate "2014.11.20"]
[SourceVersion "1"]
[SourceVersionDate "2014.11.20"]
[SourceQuality "1"]

1. d4 Nf6 2. c4 g6 3. Nc3 Bg7 4. e4 d6 5. f4 0-0 6. Nf3 c5 7. d5 e6 8. Be2 exd5 9. cxd5 Bg4 10. 0-0 Re8 11. Nd2 Bxe2 12. Qxe2 Nxe4 13. Ncxe4 f5 14. Qf3 fxe4 15. Nxe4 Na6 16. f5 gxf5 17. Qxf5 Bd4+ 18. Kh1 Qe7 19. Ng3 Qg7 20. Rb1 Re5 21. Qf3 Rf8 22. Bf4 Qg6 23. Qb3 Rxf4 24. Qxb7 Nb4 25. Rxf4 Qxb1+ 26. Rf1 Qg6 27. h3 Nd3 28. Nf5 Nf2+ 29. Rxf2 Bxf2 0-1

[Event "Dubai op 15th"]
[Site "Dubai"]
[Date "2013.04.10"]
[Round "4"]
[White "Sobh, Amrou"]
[Black "Karavade, Eesha"]
[Result "0-1"]
[WhiteElo "2177"]
[BlackElo "2389"]
[PlyCount "62"]
[EventDate "2013.04.07"]
[EventType "swiss"]
[EventRounds "9"]
[EventCountry "UAE"]
[SourceTitle "CBM 153 Extra"]
[Source "ChessBase"]
[SourceDate "2013.04.22"]
[SourceVersion "1"]
[SourceVersionDate "2013.04.22"]
[SourceQuality "1"]

1. d4 Nf6 2. c4 e6 3. Nc3 Bb4 4. f3 c5 5. a3 Bxc3+ 6. bxc3 Nc6 7. e4 0-0 8. Bd3 b6 9. Be3 d6 10. Ne2 Ba6 11. Ng3 Na5 12. Qe2 cxd4 13. cxd4 Rc8 14. Rc1 e5 15. 0-0 exd4 16. Bf2 Nd7 17. Nf5 Ne5 18. f4 Nxd3 19. Qxd3 Bxc4 20. Qg3 g6 21. Bxd4 f6 22. Rfd1 Kh8 23. Nh4 Bb3 24. Nxg6+ hxg6 25. Qxg6 Bxd1 26. Rxd1 Rc7 27. Rd3 Rh7 28. Rg3 Nc6 29. Bc3 Qe7 30. Qf5 d5 31. exd5 Nd4 0-1

[Event "Dubai op 15th"]
[Site "Dubai"]
[Date "2013.04.08"]
[Round "2"]
[White "Sobh, Amrou"]
[Black "Deepan Chakkravarthy, J."]
[Result "0-1"]
[WhiteElo "2177"]
[BlackElo "2477"]
[PlyCount "70"]
[EventDate "2013.04.07"]
[EventType "swiss"]
[EventRounds "9"]
[EventCountry "UAE"]
[SourceTitle "CBM 153 Extra"]
[Source "ChessBase"]
[SourceDate "2013.04.22"]
[SourceVersion "1"]
[SourceVersionDate "2013.04.22"]
[SourceQuality "1"]

1. e4 c5 2. Nf3 d6 3. d3 g6 4. g3 Bg7 5. Bg2 Nc6 6. c3 e5 7. 0-0 Nge7 8. a3 0-0 9. b4 h6 10. b5 Na5 11. Nh4 c4 12. dxc4 Nxc4 13. Nd2 Be6 14. a4 Qc7 15. Nxc4 Bxc4 16. Re1 d5 17. Ba3 Rfd8 18. exd5 Nxd5 19. Qf3 a6 20. bxa6 Rxa6 21. Bb2 Rf6 22. Qe4 Rxf2 23. Kxf2 Qc5+ 24. Kf3 f5 25. Qxe5 Bxe5 26. Rxe5 Qb6 27. Bc1 Nxc3 28. Be3 Qb2 29. Re1 Be2+ 30. Kf2 Nd1+ 31. Kg1 Qxe5 32. Rxe2 Nxe3 33. Nxg6 Rd1+ 34. Kf2 Ng4+ 35. Kf3 Rd3+ 0-1

[Event "Cairo Egyptian op"]
[Site "Cairo"]
[Date "2012.11.17"]
[Round "6"]
[White "Sobh, Amrou"]
[Black "Labib, Ibrahim Hasan"]
[Result "0-1"]
[WhiteElo "2187"]
[BlackElo "2415"]
[PlyCount "94"]
[EventDate "2012.11.12"]
[EventType "swiss"]
[EventRounds "9"]
[EventCountry "EGY"]
[SourceTitle "EXT 2014"]
[Source "ChessBase"]
[SourceDate "2013.11.20"]
[SourceVersion "1"]
[SourceVersionDate "2013.11.20"]
[SourceQuality "1"]

1. d4 Nf6 2. c4 e6 3. Nf3 b6 4. a3 Bb7 5. Nc3 d5 6. cxd5 Nxd5 7. Qc2 Nxc3 8. bxc3 Nd7 9. e4 Be7 10. Bd3 c5 11. 0-0 cxd4 12. cxd4 0-0 13. Bb2 a6 14. a4 Bb4 15. Rfd1 Qe7 16. Qc7 Nf6 17. Qf4 Rac8 18. Rab1 Rfd8 19. d5 exd5 20. Bxf6 Qxf6 21. Qxf6 gxf6 22. exd5 a5 23. Bf5 Rc4 24. Bd3 Rf4 25. Be2 Rxd5 26. h3 Bc5 27. Bb5 Rb4 28. Rdc1 Rf5 29. Rxb4 axb4 30. Bc4 Bxf3 31. gxf3 Rxf3 32. Rc2 Rxh3 33. Kg2 Ra3 34. Ra2 Rc3 35. Bd5 Ra3 36. f3 Kg7 37. Kg3 f5 38. Kh4 Rxa2 39. Bxa2 Kf6 40. f4 Bf2+ 41. Kh3 h5 42. Kg2 Be1 43. Bb3 h4 44. Bd5 Ke7 45. Kf3 h3 46. Ke2 Kd6 47. Bb7 Bg3 0-1

[Event "EGY-ch Masters"]
[Site "Cairo"]
[Date "2009.11.15"]
[Round "1.1"]
[White "Nagy, Ashraf"]
[Black "Sobh, Amrou"]
[Result "0-1"]
[WhiteElo "2022"]
[BlackElo "2203"]
[PlyCount "100"]
[EventDate "2009.11.15"]
[EventType "swiss"]
[EventRounds "8"]
[EventCountry "EGY"]
[SourceTitle "EXT 2024"]
[Source "ChessBase"]
[SourceDate "2023.10.10"]
[SourceVersion "1"]
[SourceVersionDate "2023.10.10"]
[SourceQuality "1"]

1. e4 d5 2. exd5 Nf6 3. Bb5+ Bd7 4. Bc4 Bg4 5. f3 Bf5 6. Nc3 a6 7. a4 c6 8. dxc6 Nxc6 9. Nge2 e5 10. d3 Bc5 11. Bg5 0-0 12. Ng3 Qd4 13. Qd2 Bg6 14. Bxf6 gxf6 15. Nd5 Qxb2 16. Ra2 Qb1+ 17. Qd1 Qxd1+ 18. Kxd1 Kg7 19. Ne4 Be7 20. Rb2 b5 21. Bb3 Bd8 22. g4 Nd4 23. Rf1 f5 24. gxf5 Bxf5 25. Nd6 Be6 26. Ne3 Nxb3 27. cxb3 Bc7 28. Ne4 Bb6 29. Ke2 f5 30. Ng5 Bg8 31. f4 exf4 32. Rxf4 Rae8 33. d4 Bc7 34. Kf3 Bxf4 35. Kxf4 h6 36. Nh3 Re4+ 37. Kf3 Rxd4 38. Nf4 Kh7 39. axb5 axb5 40. h4 Rb4 41. Rc2 Rxb3 42. Rc7+ Rf7 43. Rc8 Re7 44. Nfg2 Bd5+ 45. Kf4 Re4+ 46. Kxf5 Rbxe3 47. Nxe3 Rxe3 48. Rc7+ Kg8 49. Kg6 Re6+ 50. Kf5 Rb6 0-1